FIFA 22 Premier League Team of the Season - Statistics

General Stats
  • This quiz has been taken 73 times
    66 since last reset
  • The average score is 15 of 17
Answer Stats
Rating Club Player % Correct
95 Tottenham Heung-Min Son
100%
97 Liverpool Mohamed Salah
100%
96 Manchester City Kevin De Bruyne
98%
96 Tottenham Harry Kane
97%
96 Liverpool Sadio Mane
97%
95 Manchester City Ruben Dias
95%
97 Manchester United Cristiano Ronaldo
93%
96 Liverpool Virgil Van Dijk
93%
92 Liverpool Trent Alexander-Arnold
88%
95 Liverpool Alisson
86%
93 Manchester United Bruno Fernandes
81%
91 Arsenal Bukayo Saka
81%
94 Manchester City Bernardo Silva
80%
92 West Ham Declan Rice
73%
95 Manchester City Joao Cancelo
71%
90 Manchester City Rodri
71%
91 Liverpool Diogo Jota
56%
No matching quizzes found
Score Distribution
Percent of People with Each Score
Percentile by Number Answered
Your Score History
You have not taken this quiz since the last reset